| Поле | Инд. | ПП | Название | Значение |
|---|---|---|---|---|
| Тип записи | a | |||
| Библиографический уровень | a | |||
| 001 | Контрольный номер | RU/IS/BASE/262109782 | ||
| 005 | Дата корректировки | 20231228155203.6 | ||
| 084 | a | Индекс другой классификации/Индекс ББК | 81.008.5; 81.40-00 | |
| 090 | 00 | a | Полочн. индекс | 81я43 |
| x | Авторский знак | П 781 | ||
| 100 | 10 | a | Автор | Макаев Э. А. |
| 245 | 00 | a | Заглавие | Структура слова в общеиндоевропейском |
| 600 | 14 | a | Персоналии | Мейе Антуан |
| 650 | 04 | a | Основная рубрика | филологические науки; языкознание |
| 653 | 00 | a | Ключевые слова | автономность слова |
| a | Ключевые слова | выделимость слова | ||
| a | Ключевые слова | единство слова | ||
| a | Ключевые слова | индоевропейский праязык | ||
| a | Ключевые слова | лексический уровень | ||
| a | Ключевые слова | морфологическое слово | ||
| a | Ключевые слова | общее | ||
| a | Ключевые слова | общеиндоевропейский язык | ||
| a | Ключевые слова | проклиза | ||
| a | Ключевые слова | реконструкция индоевропейского праязыка | ||
| a | Ключевые слова | сандхи | ||
| a | Ключевые слова | слово | ||
| a | Ключевые слова | сравнительно-историческая лингвистика | ||
| a | Ключевые слова | структура слова | ||
| a | Ключевые слова | фонетическое слово | ||
| a | Ключевые слова | целостность слова | ||
| a | Ключевые слова | энклиза | ||
| 773 | 00 | d | Дата издания источника | Москва, 1967 |
| g | Прочая информация | С. 243-251 | ||
| t | Заглавие источника | Проблемы языкознания | ||
| w | Контрольный № источника | RU/IS/BASE/102085341 | ||
| 901 | t | Тип документа | a |